Un modelo para estudiar la acción recíproca entre las fuerzas políticas y los actos y proyectos de gobierno (Registro nro. 15950)
[ vista simple ]
| 000 -LEADER | |
|---|---|
| fixed length control field | 00405 a2200109 4500 |
| 001 - CONTROL NUMBER | |
| control field | ART_2734 |
| 005 - DATE AND TIME OF LATEST TRANSACTION | |
| control field | 20260410161710.0 |
| 008 - FIXED-LENGTH DATA ELEMENTS--GENERAL INFORMATION | |
| fixed length control field | 260409a |
| 100 1# - MAIN ENTRY--PERSONAL NAME | |
| Personal name | Calcagno, Alfredo Eric |
| 245 10 - TITLE STATEMENT | |
| Title | Un modelo para estudiar la acción recíproca entre las fuerzas políticas y los actos y proyectos de gobierno |
| 773 0# - HOST ITEM ENTRY | |
| Title | Desarrollo económico |
| Related parts | - Vol. 1, Nº 4 (ene./mar. 1962) |
| Record control number | REV1174 |
No hay ítems disponibles.